000 00652nam a22002417a 4500
003 UA-OsUOA
001 29293
007 ta
008 20041006b un ||||| |||| 00| 0 ukr d
100 _aГоркун М.Г.
090 _a811.111
_bГ69
942 _cBK
040 _aUA-OsUOA
_brus
_cUA-OsUOA
_dUA-OsUOA
245 _aУчебник английского языка
_bДля студентов неязыковых специальностей вузов
300 _a289 с.
955 _a0
041 _arus
080 _a811.111
260 _aКиев
_bВища школа
_c1979
044 _aUA
650 7 _2UDC
999 _c315676
_d315676